| 000 | 01078cam a22002415i 4500 | ||
|---|---|---|---|
| 999 |
_c16297 _d16297 |
||
| 003 | EG-ScBUE | ||
| 005 | 20200121135338.0 | ||
| 008 | 200121s1983 ua g 000 0 ara d | ||
| 040 |
_aEG- ScBUE _bara _erda _cEG- ScBUE _dEG- ScBUE |
||
| 082 | 0 | 4 |
_a892.7 _bج و ي _222 |
| 100 | 1 |
_aجويني، مصطفى الصاوي، _eمؤلف. |
|
| 245 | 1 | 0 |
_aآفاق من الإبداع والتلقي في الأدب والفن / _cتأليف دكتور مصطفى الصاوي الجويني، أستاذ النقد الأدبي ورئيس قسم اللغة العربية، بكلية البنات - جامعة عين شمس. |
| 264 | 1 |
_aالإسكندرية، مصر : _bدار المعارف، _c1983. |
|
| 300 |
_a507 صفحة ؛ _c24 سم |
||
| 336 |
_aنص _btxt _2rdacontent |
||
| 337 |
_aبدون وسيط _bn _2rdamedia |
||
| 338 |
_aمجلد _bnc _2rdacarrier |
||
| 650 | 7 |
_aالأدب العربي _xتاريخ ونقد. _2BUEsh |
|
| 650 | 7 |
_aالشعر العربي _xتاريخ ونقد. _2BUEsh |
|
| 651 | _2BUEsh | ||
| 653 |
_bARALIT _bGGEN _cDecember2011 |
||
| 942 |
_2ddc _cBB |
||